El régimen de las modificaciones de condiciones de trabajo en la ley concursal

Guardat en:
Dades bibliogràfiques
Autor principal: Molero Marañón, María Luisa (autora)
Format: Llibre
Idioma:espanyol
Publicat: Madrid Consejo Económico y Social 2007
Edició:1a. ed
Col·lecció:Colección Estudios, 198
Matèries:
Etiquetes: Afegir etiqueta
Sense etiquetes, Sigues el primer a etiquetar aquest registre!

MARC

LEADER 00000cam a2200000 a 4500
001 UCF8190
003 CL-VaPUC
008 130802e20070900sp |||||||||||||||||spa|d
020 |a 9788481882735 
082 0 4 |a 346.07  |b MOL  |2 21 
100 |a Molero Marañón, María Luisa  |e autora  |9 570278 
245 1 3 |a El régimen de las modificaciones de condiciones de trabajo en la ley concursal 
250 |a 1a. ed 
300 |a 297 p 
942 |c BK 
945 |d 20130802 12:08:00  |a dcastane 
260 |a Madrid  |b Consejo Económico y Social  |c 2007 
650 7 |a DERECHO CONCURSAL ESPAÑOL  |2 CL-VaPUC  |9 569571 
650 0 |a Derecho comercial   |9 256340 
583 |a last modification  |c 20130802 12:08:00  |k Rodrigo Vera 
490 0 |a Colección Estudios, 198 
999 |c 352825  |d 352823 
952 |0 0  |1 0  |4 0  |6 346_070000000000000_MOL_2007  |7 0  |8 A  |9 457500  |a BIBDER  |b BIBDER  |d 2019-11-22  |i 4994353  |o 346.07 MOL 2007  |p 4994353  |r 2023-01-25  |w 2019-11-22  |y BK  |k DER